Statistics for Most Viewed Movies on Wikipedia

Click here to take the quiz!

General Stats

  • This quiz has been taken 421 times
  • The average score is 3 of 5

Answer Stats

ViewsMovie% Correct
46 mTitanic
78%
53 mAvatar
74%
55 mThe Avengers
72%
86 mStar Wars
56%
46 mThe Dark Night Rises
27%

Score Distribution

Percentile by Number Answered

Percent of People with Each Score

Your Score History

You have not taken this quiz